Estadísticas para Países que limitan con Ucrania con un Mapa Vacío

Haz click aquí para tomar la prueba!

Estadísticas generales

  • Esta prueba ha sido tomada 4.969 veces
  • La puntuación promedio es 7 de 7

Respuestas en el mapa

Las respuestas están codificadas por una escala verde-roja en el mapa de la prueba según el % correcto abajo.
 

Estadísticas de respuestas

País% Correcto
Rusia
100%
Bielorrusia
97%
Polonia
95%
Rumania
94%
Hungría
90%
Moldavia
90%
Eslovaquia
88%

Distribución de puntuación

Porcentaje por número respondido

Porcentaje de gente con cada puntuación

Historial de tus puntuaciones

No has tomado esta prueba